000 00651cam a22002295a 4500
001 L159700
008 150226s2016 xxk f 000 0 eng d
035 _a(Sirsi) u159700
041 0 _aeng
100 1 _aHooper, Brendon
_96168
245 0 0 _aAren't you a little young to be your own boss?
260 _c2016
490 _aModus
_vOctober 2016, 24-27 (4)
520 _aEntrepreneurs share their experience in becoming a successful captains of the industry.
590 _aKA
650 2 4 _aLEADERSHIP
650 2 4 _aSMALL BUSINESS
650 2 4 _aENTREPRENEURS
651 4 _aUnited Kingdom
_y
690 _aBusiness and management
942 _n0
999 _c84922
_d84922